Fiction of the fifties: a decade of american writing
Sparad:
| Huvudupphovsman: | |
|---|---|
| Materialtyp: | Bok |
| Språk: | engelska |
| Publicerad: |
Nueva York
Doubleday & Company
1961
|
| Serie: | Dolphin Books
|
| Ämnen: | |
| Taggar: |
Lägg till en tagg
Inga taggar, Lägg till första taggen!
|
MARC
| LEADER | 00000nam a2200000 a 4500 | ||
|---|---|---|---|
| 001 | UCQ2490 | ||
| 003 | CL-VaPUC | ||
| 008 | 980724e19610000US |||||||||||||||||eng|d | ||
| 082 | 0 | 4 | |a 808.83 |b GOL |2 21 |
| 100 | 0 | |a Gold, Herbert |e author |9 416413 | |
| 245 | 1 | 0 | |a Fiction of the fifties: a decade of american writing |
| 300 | |a 392 p | ||
| 942 | |c BK | ||
| 945 | |d 19980724 00:00:00 |a crobeson | ||
| 260 | |a Nueva York |b Doubleday & Company |c 1961 | ||
| 650 | 0 | |a Novelas estadounidenses |9 265217 | |
| 650 | 0 | |a Literatura estadounidense |9 317168 | |
| 583 | |a last modification |c 19980724 00:00:00 |k Rodrigo Vera | ||
| 490 | 0 | |a Dolphin Books | |
| 999 | |c 273308 |d 273306 | ||
| 952 | |0 0 |1 0 |4 0 |6 808_830000000000000_GOL_1961 |7 0 |8 A |9 308746 |a BIBEDU |b BIBEDU |d 2019-11-20 |i 1448129 |o 808.83 GOL 1961 |p 1448129 |r 2019-11-20 |w 2019-11-20 |y BK |k LIT | ||